Az -ék többesjel! /
The author does not agree with the common opinion that the ending -ék (Pistá-ék, tanító-ék) should be considered a suffix for derivation. She endeavours to prove that "-ék" word forms are not "collective nouns" but simply nouns in the plural. The -ék ending is the third suffix fo...
Elmentve itt :
| Szerző: | |
|---|---|
| Dokumentumtípus: | Cikk |
| Megjelent: |
1995
|
| Sorozat: | Acta Universitatis Szegediensis : sectio ethnographica et linguistica = néprajz és nyelvtudomány = étnografiâ i azykoznanie = Volkskunde und Sprachwissenschaft
36 |
| Kulcsszavak: | Magyar nyelv |
| Tárgyszavak: | |
| Online Access: | http://acta.bibl.u-szeged.hu/3777 |
| LEADER | 01582nab a2200229 i 4500 | ||
|---|---|---|---|
| 001 | acta3777 | ||
| 005 | 20220914080806.0 | ||
| 008 | 161015s1995 hu o 0|| hun d | ||
| 022 | |a 0586-3716 | ||
| 040 | |a SZTE Egyetemi Kiadványok Repozitórium |b hun | ||
| 041 | |a hun | ||
| 041 | |a eng | ||
| 100 | 2 | |a M. Korchmáros Valéria | |
| 245 | 1 | 3 | |a Az -ék |h [elektronikus dokumentum] : |b többesjel! / |c M. Korchmáros Valéria |
| 260 | |c 1995 | ||
| 300 | |a 295-308 | ||
| 490 | 0 | |a Acta Universitatis Szegediensis : sectio ethnographica et linguistica = néprajz és nyelvtudomány = étnografiâ i azykoznanie = Volkskunde und Sprachwissenschaft |v 36 | |
| 520 | 3 | |a The author does not agree with the common opinion that the ending -ék (Pistá-ék, tanító-ék) should be considered a suffix for derivation. She endeavours to prove that "-ék" word forms are not "collective nouns" but simply nouns in the plural. The -ék ending is the third suffix for the plural in the Hungarian language. The "absolute plural" -k and the "possessive related" -/ are both "homogeneous," expressing multiplication of the denotate (tanító + k = tanító + tanító f+ tanító...]; tanító + i = tanítója + tanítója [+ tanítója...]), while -ék expresses a "heterogeneous" additive plurality, denoting an identified person and his/her family/friends/company: thus tanító + -ék = a tanító + a társ a fi). | |
| 650 | 4 | |a Bölcsészettudományok | |
| 650 | 4 | |a Nyelvek és irodalom | |
| 695 | |a Magyar nyelv | ||
| 856 | 4 | 0 | |u http://acta.bibl.u-szeged.hu/3777/1/etno_lingu_036_295-308.pdf |z Dokumentum-elérés |